| 000 | 00880nam a2200265 a 4500 | ||
|---|---|---|---|
| 001 | 55159 | ||
| 003 | BD-RjUL | ||
| 005 | 20211209080226.0 | ||
| 008 | 161114s1960 nju b 001 0 eng | ||
| 035 | _a(BD-RjUL)55281 | ||
| 040 |
_aDLC _cDLC _dBD-RjUL _beng |
||
| 041 | _aeng | ||
| 082 |
_223 _a822.33 _bWAS 1960 |
||
| 100 | 1 |
_aWatson, Curtis Brown. _9164368 |
|
| 245 | 1 | 0 |
_aShakespeare and the Renaissance concept of honor / _cby Curtis Brown Watson. |
| 246 | 3 | 0 | _aRenaissance concept of honor |
| 260 |
_aPrinceton, N.J. : _bPrinceton University Press, _c1960. |
||
| 300 |
_axv, 471 p. ; _c25 cm. |
||
| 504 | _aIncludes bibliographical references (p. 453-462) and index. | ||
| 600 | 1 | 0 |
_aShakespeare, William, _d1564-1616 _xEthics. _9164369 |
| 650 | 0 |
_aRenaissance _zEngland. _9164370 |
|
| 650 | 0 |
_aHonor in literature. _9164371 |
|
| 650 | 0 |
_aHonor. _9164372 |
|
| 942 |
_2ddc _cBK |
||
| 999 |
_c55159 _d55159 |
||